000 01104cam a2200241 4500
008 000000n2001 000 0 eng u
020 _a1841130230
035 _a(Sirsi) u111297
050 _a346.410434
100 _aSparkes, Peter
245 2 _aA new landlord and tenant.
260 _aOxford
_bHart Publishing
_c2001
300 _acx, 861p. ; 24cm.
350 _a25.00
520 _aA comprehensive guide to landlord and tenant law, both residential and commercial. Includes reference to the changes to the allocation and homelessness regimes proposed by Part II of the Homes Bill 2000. It also considers the impact of the Human Rights Act 1998 and the changes to repossession procedures. Extensive coverage is also given to the Commonhold and Leasehold Reform Bill 2000.
650 _aPROPERTY-RESIDENTIAL PROPERTY-RESIDENTIAL LANDLORD AND TENANT-RESIDENTIAL TENANCIES
650 _aCOMMERCIAL LEASES
650 _aPROPERTY-LANDLORD AND TENANT-TENANCIES-AGRICULTURAL TENANCIES
650 _aLAW
650 _aBUSINESS TENANCIES
690 _aLandlord and tenant
_96252
942 _n0
999 _c101217
_d101217